Catálogo público

Refrigeración, Congelación y Envasado de los Alimentos / (Record no. 172800)

MARC details
000 -CABECERA
campo de control de longitud fija 00779nam a2200241Ia 4500
001 - NÚMERO DE CONTROL
campo de control dia_2280
003 - IDENTIFICADOR DEL NÚMERO DE CONTROL
campo de control CHAP
005 - FECHA Y HORA DE LA ÚLTIMA TRANSACCIÓN
campo de control 20230329134633.0
008 - DATOS DE LONGITUD FIJA--INFORMACIÓN GENERAL
campo de control de longitud fija 220117s1994 xx 000 0 und d
010 ## - NÚMERO DE CONTROL DE LA BIBLIOTECA DEL CONGRESO
Número de control de LC 172800
040 ## - FUENTE DE LA CATALOGACIÓN
Centro/agencia transcriptor CHAP
082 ## - NÚMERO DE LA CLASIFICACIÓN DECIMAL DEWEY
Número de clasificación 641.453 M3
100 ## - ENTRADA PRINCIPAL--NOMBRE DE PERSONA
Nombre de persona Madrid Vicente, Antonio
9 (RLIN) 69710
245 ## - MENCIÓN DE TÍTULO
Título Refrigeración, Congelación y Envasado de los Alimentos /
Mención de responsabilidad, etc. por Antonio Madrid Vicente y otros
260 ## - PUBLICACIÓN, DISTRIBUCIÓN, ETC.
Lugar de publicación, distribución, etc. Madrid, España :
Nombre del editor, distribuidor, etc. Mundi-prensa,
Fecha de publicación, distribución, etc. 1994
300 ## - DESCRIPCIÓN FÍSICA
Extensión 277 p.
500 ## - NOTA GENERAL
Nota general I.177674
600 ## - PUNTO DE ACCESO ADICIONAL DE MATERIA--NOMBRE DE PERSONA
Nombre de persona 1.Alimentos congelados/ 2.Alimentos-preservación-frigoríficos/ 3.Alimentos conservación. i.t.
9 (RLIN) 152513
901 ## - ELEMENTOS DE DATOS A LOCAL LDA (RLIN)
a 641.453 M3
902 ## - ELEMENTOS DE DATOS B LOCAL, LDB (RLIN)
a M
905 ## - ELEMENTOS DE DATOS E LOCAL, LDE (RLIN)
a 0000001994 MADX 0000000000ESP00
942 ## - ELEMENTOS DE PUNTO DE ACCESO ADICIONAL (KOHA)
Tipo de ítem Koha Libro
Fuente del sistema de clasificación o colocación Dewey Decimal Classification
Holdings
Estado de retiro Estado de pérdida Fuente del sistema de clasificación o colocación Estado dañado Restricciones de uso No para préstamo Código de colección Localización permanente Ubicación/localización actual Fecha de adquisición Fuente de adquisición Coste, precio normal de compra Número de inventario Total de préstamos Signatura topográfica completa Código de barras Fecha visto por última vez Fecha del último préstamo Número de copia Tipo de ítem Koha
    Dewey Decimal Classification   Préstamo interno   General Ingenieria Agroindustrial Ingenieria Agroindustrial 24/10/1995 Compra Librería Patena F. 852 / R. (24/10/1995) 130.00 177674 1 641.453 M3 dia_4231 14/06/2024 14/06/2024 1 Libro